|
|
|
|
| LEADER |
00743nab a2200181 i 4500 |
| 001 |
acta13459 |
| 005 |
20210531152902.0 |
| 008 |
161015s1935 hu o 0|| ger d |
| 022 |
|
|
|a 0324-5462
|
| 040 |
|
|
|a SZTE Egyetemi Kiadványok Repozitórium
|b hun
|
| 041 |
|
|
|a ger
|
| 100 |
2 |
|
|a Szőkefalvi-Nagy Gyula
|
| 245 |
1 |
0 |
|a Über die Uvaloidschalen der Flächen vom Maximalindex
|h [elektronikus dokumentum] /
|c Szőkefalvi-Nagy Gyula
|
| 260 |
|
|
|c 1935
|
| 300 |
|
|
|a 244-248
|
| 490 |
0 |
|
|a Acta litterarum ac scientiarum Regiae Universitatis Hungaricae Francisco-Josephinae : Sectio scientiarum mathematicarum
|v 7
|
| 695 |
|
|
|a Természettudomány, Matematika, Művelődés
|
| 856 |
4 |
0 |
|u http://acta.bibl.u-szeged.hu/13459/1/math_007_244-248.pdf
|z Dokumentum-elérés
|